Business statistics : (Record no. 47206)

MARC details
000 -LEADER
fixed length control field 00553nam a22001697a 4500
008 - FIXED-LENGTH DATA ELEMENTS--GENERAL INFORMATION
fixed length control field 161114b xxu||||| |||| 00| 0 eng d
020 ## - INTERNATIONAL STANDARD BOOK NUMBER
International Standard Book Number 9780077697464
050 ## - LIBRARY OF CONGRESS CALL NUMBER
Classification number HF1017
Item number .J34 2013
100 ## - MAIN ENTRY--PERSONAL NAME
Personal name Jaggia, Sanjiv, 1960-
245 ## - TITLE STATEMENT
Title Business statistics :
Remainder of title communicating with numbers /
Statement of responsibility, etc Sanjiv Jaggia, Alison Kelly.
260 ## - PUBLICATION, DISTRIBUTION, ETC. (IMPRINT)
Place of publication, distribution, etc New York, NY :
Name of publisher, distributor, etc McGraw-Hill/Irwin,
Date of publication, distribution, etc 2013.
300 ## - PHYSICAL DESCRIPTION
Extent xxxi, 714 p. ; |c 29 cm.
500 ## - GENERAL NOTE
General note Includes index.
650 ## - SUBJECT ADDED ENTRY--TOPICAL TERM
Topical term or geographic name as entry element Commercial statistics.
700 ## - ADDED ENTRY--PERSONAL NAME
Personal name Hawke, Alison Kelly.
942 ## - ADDED ENTRY ELEMENTS (KOHA)
Source of classification or shelving scheme Library of Congress Classification
Item type Book
Holdings
Withdrawn status Lost status Source of classification or shelving scheme Damaged status Not for loan Collection code Home library Current library Shelving location Date acquired Source of acquisition Cost, normal purchase price Total Checkouts Full call number Barcode Date last seen Date last borrowed Copy number Price effective from Koha item type
    Library of Congress Classification     Non-fiction Nairobi Campus Nairobi Campus General Circulation 14/11/2016 Donations 1500.00 7 HF1017 .J34 2013 048355 26/07/2023 13/07/2023 1 14/11/2016 Book